[Event "4NCL Online Division 5"]
[Site "online"]
[Date "2020.04.14"]
[Round "2.143"]
[White "Clynes, Chris"]
[Black "Morrell, Sean"]
[Result "1/2-1/2"]
[WhiteElo "1435"]
[BlackElo "1607"]
[PlyCount "72"]
[EventDate "2020.04.14"]
[WhiteTeam "Bishop Knights"]
[BlackTeam "Watford Juniors A"]

1. d3 d5 2. Nf3 Nc6 3. g3 e5 4. Bg2 Nf6 5. Bg5 h6 6. Bxf6 Qxf6 7. O-O Bd6 8.
Nfd2 Be6 9. Nc3 Ne7 10. Nb5 Bd7 11. Nxd6+ Qxd6 12. c4 c6 13. cxd5 cxd5 14. Rc1
O-O 15. Rc3 Rac8 16. Qb3 Rxc3 17. bxc3 b6 18. c4 Be6 19. cxd5 Bxd5 20. Bxd5
Qxd5 21. Qxd5 Nxd5 22. Rc1 f5 23. Nf3 e4 24. dxe4 fxe4 25. Nd4 Rd8 26. e3 Rd7
27. a3 Rc7 28. Rxc7 Nxc7 29. Kf1 Kf7 30. Ke2 a6 31. Kd2 b5 32. Kc2 Nd5 33. Nb3
Kf6 34. Nc5 Kf5 35. h3 Nc7 36. Kc3 Ke5 1/2-1/2

[Event "4NCL Online Division 5"]
[Site "online"]
[Date "2020.04.14"]
[Round "2.144"]
[White "Tharkabhushanam, Anirvin"]
[Black "Burnett, John"]
[Result "0-1"]
[WhiteElo "1360"]
[BlackElo "1247"]
[PlyCount "130"]
[EventDate "2020.04.14"]
[WhiteTeam "Watford Juniors A"]
[BlackTeam "Bishop Knights"]

1. Nf3 d6 2. d4 Bg4 3. e3 Nf6 4. g3 e5 5. Bg2 e4 6. c4 exf3 7. Bxf3 Qd7 8. h3
Bxf3 9. Qxf3 Nc6 10. Nc3 a6 11. Bd2 O-O-O 12. Rb1 Nb4 13. O-O d5 14. c5 Qxh3
15. Ne2 Nd3 16. Nf4 Nxf4 17. Qxf4 Qd7 18. Rfc1 Qc6 19. Ba5 Rd7 20. b4 Nh5 21.
Qf5 g6 22. Qe5 Bg7 23. Qg5 Re8 24. Qg4 Re4 25. Qd1 Nxg3 26. fxg3 Rxe3 27. Kg2
Re4 28. a4 Rxd4 29. Qe2 Re4 30. Qf3 f5 31. b5 axb5 32. Rxb5 Qe6 33. Kf1 c6 34.
Rb3 Bh6 35. Rcb1 Re3 36. Qg2 Rxb3 37. Rxb3 Qe5 38. Bc3 d4 39. Ba5 Qxc5 40. Qh3
Qc4+ 41. Kg2 Qe2+ 42. Kh1 Qe4+ 43. Kh2 Be3 44. Qh4 Qc2+ 45. Kh3 Qxb3 46. Qf6
Qd5 47. Qf8+ Rd8 48. Qxd8+ Qxd8 49. Bxd8 Kxd8 50. Kg2 Kc7 51. Kf3 Kd6 52. Ke2
c5 53. Kd3 Kd5 54. a5 c4+ 55. Ke2 Ke4 56. g4 fxg4 57. a6 bxa6 58. Ke1 c3 59.
Kd1 g3 60. Ke2 g2 61. Kd1 g1=Q+ 62. Kc2 Qc1+ 63. Kb3 Qa1 64. Kc2 Qb2+ 65. Kd1
Qd2# 0-1

[Event "4NCL Online Division 5"]
[Site "online"]
[Date "2020.04.14"]
[Round "2.151"]
[White "Parsons, Robert"]
[Black "Maton, Emily"]
[Result "0-1"]
[WhiteElo "1720"]
[BlackElo "1652"]
[PlyCount "86"]
[EventDate "2020.04.14"]
[WhiteTeam "Hatch End B"]
[BlackTeam "St Albans 2"]

1. e4 c5 2. Nf3 g6 3. c3 Bg7 4. d4 cxd4 5. cxd4 d5 6. e5 Nc6 7. Nc3 Nh6 8. Bd3
Bf5 9. O-O Bxd3 10. Qxd3 O-O 11. h3 a6 12. Bd2 e6 13. Rac1 Nf5 14. a3 Na5 15.
Ne2 Nc4 16. Bg5 Qd7 17. Rc2 b5 18. Rfc1 Rac8 19. Nh2 h6 20. Bf6 Rfe8 21. g4 Ne7
22. g5 h5 23. Ng3 Nxb2 24. Qf3 Nf5 25. Rxc8 Rxc8 26. Rxc8+ Qxc8 27. Nxf5 exf5
28. Qxd5 Nc4 29. Nf3 Nxa3 30. Nh4 Bxf6 31. gxf6 Qc1+ 32. Kh2 Qf4+ 33. Kg2 Qe4+
34. Qxe4 fxe4 35. d5 Kf8 36. d6 Ke8 37. Nxg6 Nc4 38. Kf1 fxg6 39. Ke2 Nxe5 40.
Ke3 Kd7 41. Kxe4 Kxd6 42. f4 Nf7 43. f5 g5 0-1

[Event "4NCL Online Division 5"]
[Site "online"]
[Date "2020.04.14"]
[Round "2.152"]
[White "Angel, George"]
[Black "Barry, Brendan"]
[Result "1-0"]
[WhiteElo "1472"]
[BlackElo "1315"]
[PlyCount "51"]
[EventDate "2020.04.14"]
[WhiteTeam "St Albans 2"]
[BlackTeam "Hatch End B"]

1. e4 e5 2. Nf3 Nc6 3. Bc4 Bc5 4. c3 Nf6 5. d3 O-O 6. O-O a6 7. b4 Bb6 8. Bg5
h6 9. Bh4 a5 10. b5 Ne7 11. Bxf6 gxf6 12. Nh4 d5 13. exd5 f5 14. Qf3 f4 15. Nd2
Kh7 16. Ne4 Ng6 17. Nxg6 fxg6 18. Rad1 h5 19. h3 a4 20. d4 exd4 21. cxd4 Bf5
22. Qxf4 Bxe4 23. Qxe4 a3 24. Bd3 Ra4 25. Qxg6+ Kh8 26. Qh7# 1-0

[Event "4NCL Online Division 5"]
[Site "online"]
[Date "2020.04.14"]
[Round "2.153"]
[White "Gill, Veer"]
[Black "Wicks, Ben"]
[Result "0-1"]
[WhiteElo "1285"]
[BlackElo "1442"]
[PlyCount "94"]
[EventDate "2020.04.14"]
[WhiteTeam "Hatch End B"]
[BlackTeam "St Albans 2"]

1. e4 c5 2. Nf3 g6 3. d4 cxd4 4. Nxd4 Nc6 5. Nxc6 bxc6 6. Nc3 Bg7 7. Bc4 e6 8.
Be3 Ne7 9. O-O O-O 10. Bc5 Re8 11. Qf3 d6 12. Be3 d5 13. exd5 cxd5 14. Bb5 Rf8
15. Bg5 Qc7 16. Bxe7 Qxe7 17. Bc6 Rb8 18. Rab1 Bd7 19. Bxd7 Qxd7 20. Rfe1 Qc7
21. Re3 d4 22. Ree1 dxc3 23. b3 Rfd8 24. Red1 Rd2 25. Qe3 Rbd8 26. Qe1 Qd7 27.
Rxd2 Qxd2 28. Qxd2 Rxd2 29. Rc1 Bd4 30. h3 Bxf2+ 31. Kh2 Bd4 32. b4 f5 33. b5
e5 34. a4 Bb6 35. Kg3 e4 36. Kf4 e3 37. Kf3 Rf2+ 38. Kg3 Bc7+ 39. Kh4 Rxg2 40.
Re1 Bg3+ 41. Kg5 Bxe1+ 42. Kf4 e2 43. Kf3 Rh2 44. a5 Bd2 45. b6 e1=Q 46. bxa7
Qe4+ 47. Kg3 Rg2# 0-1

[Event "4NCL Online Division 5"]
[Site "online"]
[Date "2020.04.14"]
[Round "2.154"]
[White "Gemmell, Adam"]
[Black "Shah, Ashok"]
[Result "1-0"]
[WhiteElo "1390"]
[BlackElo "1187"]
[PlyCount "61"]
[EventDate "2020.04.14"]
[WhiteTeam "St Albans 2"]
[BlackTeam "Hatch End B"]

1. e4 e5 2. Bc4 Nf6 3. d3 d5 4. exd5 Nxd5 5. Nf3 c6 6. O-O Bc5 7. Nxe5 Be6 8.
Bd2 b5 9. Bb3 Nd7 10. Nxc6 Qc7 11. Na5 b4 12. Nc4 N7f6 13. c3 Ng4 14. g3 h5 15.
cxb4 Bb6 16. Nxb6 Qxb6 17. Qf3 O-O-O 18. Rc1+ Kb8 19. Nc3 Ne5 20. Qe4 Ng4 21.
Qg2 h4 22. Nxd5 Bxd5 23. Bxd5 h3 24. Bf4+ Rd6 25. Rc6 Qxc6 26. Bxc6 hxg2 27.
Bxd6+ Kc8 28. Re1 Kd8 29. Kxg2 Rxh2+ 30. Kf3 Rh6 31. Re8# 1-0

[Event "4NCL Online Division 5"]
[Site "online"]
[Date "2020.04.14"]
[Round "2.161"]
[White "Draper, Martin"]
[Black "Dhemrait, Surjit S"]
[Result "1-0"]
[WhiteElo "1525"]
[BlackElo "1518"]
[PlyCount "149"]
[EventDate "2020.04.14"]
[WhiteTeam "Warley and Quinborne"]
[BlackTeam "Harrow 4"]

1. d4 d5 2. Bf4 Bf5 3. e3 Nf6 4. Bd3 Bg6 5. Nf3 e6 6. c4 c6 7. Nc3 Bb4 8. Bxg6
hxg6 9. Qb3 Bxc3+ 10. bxc3 Qb6 11. O-O Qxb3 12. axb3 Nbd7 13. Rfc1 O-O 14. cxd5
Nxd5 15. Bd6 Rfc8 16. b4 N7f6 17. c4 Nc7 18. Nd2 Nfe8 19. Be5 f6 20. Bf4 g5 21.
Bg3 Kf7 22. Ne4 Rd8 23. f3 a6 24. Rf1 b5 25. Rfc1 bxc4 26. Rxc4 Nd5 27. Kf2
Rdc8 28. Nc5 Nec7 29. Bxc7 Nxc7 30. Nb7 Nb5 31. Rac1 Rab8 32. Na5 Na7 33. Nb3
Rb5 34. Nc5 Rb6 35. Ra1 Rcb8 36. Nxa6 R8b7 37. Ra4 Nc8 38. Nc5 Rc7 39. Rc1 Ke7
40. Rca1 Rcb7 41. Nxb7 Rxb7 42. g4 Kd6 43. e4 e5 44. dxe5+ Kxe5 45. Ra8 Nd6 46.
R1a5+ Ke6 47. R8a7 Rxb4 48. Rc5 Rb2+ 49. Kg3 Rb6 50. Rxg7 Nf7 51. h4 Kd6 52.
Rf5 Ke6 53. Rg6 gxh4+ 54. Kxh4 Nh8 55. Rgxf6+ Ke7 56. Rh6 Rb1 57. Rxc6 Rb7 58.
Rh6 Rb1 59. Kg3 Rb8 60. Rh7+ Ke6 61. Rc5 Kd6 62. Rch5 Ng6 63. R7h6 Rg8 64. Rg5
Ke7 65. Rgxg6 Rd8 66. Rh7+ Kf8 67. Kf4 Re8 68. Rh8+ Kf7 69. Rxe8 Kxe8 70. Rf6
Ke7 71. Kf5 Ke8 72. g5 Ke7 73. g6 Ke8 74. g7 Ke7 75. g8=Q 1-0

[Event "4NCL Online Division 5"]
[Site "online"]
[Date "2020.04.14"]
[Round "2.162"]
[White "Nettleton, Robin"]
[Black "Berry, Steve"]
[Result "1-0"]
[WhiteElo "1487"]
[BlackElo "1480"]
[PlyCount "71"]
[EventDate "2020.04.14"]
[WhiteTeam "Harrow 4"]
[BlackTeam "Warley and Quinborne"]

1. d4 e6 2. Bf4 d5 3. e3 Nf6 4. c3 a6 5. Bd3 Nbd7 6. Nf3 Be7 7. O-O c5 8. Nbd2
c4 9. Bc2 O-O 10. Ne5 Qb6 11. Rb1 Bd6 12. Nxd7 Nxd7 13. Bxd6 Qxd6 14. f4 Nf6
15. Nf3 Nd7 16. Ne5 f6 17. Nxd7 Bxd7 18. Rf3 e5 19. Rg3 exf4 20. exf4 Qxf4 21.
Qh5 h6 22. Qxd5+ Rf7 23. Rf1 Bc6 24. Qxf7+ Kxf7 25. Rxf4 Kf8 26. Be4 Be8 27.
Re3 Rb8 28. Bd5 b5 29. Rfe4 Bg6 30. Re6 a5 31. Rd6 a4 32. a3 Bc2 33. Rd7 Bg6
34. Ree7 Bh5 35. Rxg7 Re8 36. Rg8# 1-0

[Event "4NCL Online Division 5"]
[Site "online"]
[Date "2020.04.14"]
[Round "2.163"]
[White "Lewis, John B"]
[Black "Dilukshan, Manoharan"]
[Result "0-1"]
[WhiteElo "1465"]
[BlackElo "1480"]
[PlyCount "114"]
[EventDate "2020.04.14"]
[WhiteTeam "Warley and Quinborne"]
[BlackTeam "Harrow 4"]

1. d4 Nf6 2. c4 g6 3. Nc3 Bg7 4. Bg5 d6 5. Nf3 O-O 6. e3 Bf5 7. Bd3 Bxd3 8.
Qxd3 c6 9. O-O Nbd7 10. Rac1 Qb6 11. b3 c5 12. d5 e6 13. dxe6 fxe6 14. Rfd1 Ne8
15. Be7 Rf7 16. Bxd6 Nxd6 17. Qxd6 Qxd6 18. Rxd6 Bxc3 19. Rxc3 e5 20. Ng5 Re7
21. Ne4 b6 22. Rcd3 Nf8 23. R6d5 a5 24. Rd8 Rxd8 25. Rxd8 Kg7 26. Rd6 Rd7 27.
Rxd7+ Nxd7 28. Kf1 Kf7 29. Ke2 Ke6 30. Ng5+ Kf5 31. h4 h5 32. g3 Nf6 33. f3 Ne8
34. e4+ Kf6 35. Ke3 Nd6 36. f4 exf4+ 37. gxf4 Kg7 38. e5 Nf5+ 39. Kf3 Nxh4+ 40.
Kg3 Nf5+ 41. Kf3 Nd4+ 42. Ke4 Ne2 43. Kd3 Nxf4+ 44. Ke4 Ne2 45. e6 Kf6 46. Kd5
Ke7 47. Kc6 Nd4+ 48. Kd5 Nc2 49. Kc6 Nd4+ 50. Kd5 h4 51. Ke5 Nc6+ 52. Kf4 Nb4
53. a4 Nc6 54. Ke4 Nd4 55. Kd5 Nxb3 56. Kc6 Nd4+ 57. Kd5 Nxe6 0-1

[Event "4NCL Online Division 5"]
[Site "online"]
[Date "2020.04.14"]
[Round "2.164"]
[White "Walker, David J R"]
[Black "Woodward, Pauline"]
[Result "1/2-1/2"]
[WhiteElo "1285"]
[BlackElo "1262"]
[PlyCount "92"]
[EventDate "2020.04.14"]
[WhiteTeam "Harrow 4"]
[BlackTeam "Warley and Quinborne"]

1. d4 Nf6 2. c4 c5 3. e3 cxd4 4. exd4 d6 5. h3 Bd7 6. Nf3 a6 7. Nc3 b5 8. Bg5
g6 9. Bxf6 exf6 10. Be2 Bg7 11. O-O O-O 12. Re1 b4 13. Nd5 f5 14. Qb3 a5 15.
Rac1 Nc6 16. Qd3 a4 17. b3 a3 18. Rcd1 Rb8 19. Qd2 Be6 20. Rc1 Bxd5 21. cxd5
Ne7 22. Bc4 Re8 23. Qf4 Nc8 24. Rxe8+ Qxe8 25. Re1 Qd7 26. Qe3 Nb6 27. Nd2 Na8
28. Nf3 Nc7 29. h4 Re8 30. Qd3 Re7 31. Qd2 Rxe1+ 32. Qxe1 Qe8 33. Qd2 Qb8 34.
Kf1 Qb6 35. Kg1 Nb5 36. Qxb4 Bxd4 37. Nxd4 Qxd4 38. Qxb5 Qa1+ 39. Kh2 Qxa2 40.
Qb8+ Kg7 41. Qxd6 Qxf2 42. Qxa3 Qxh4+ 43. Kg1 Qe1+ 44. Kh2 Qh4+ 45. Kg1 Qe1+
46. Kh2 Qh4+ 1/2-1/2

[Event "4NCL Online Division 5"]
[Site "online"]
[Date "2020.04.14"]
[Round "2.171"]
[White "Williams, Michael D"]
[Black "Brewis, Alan"]
[Result "1-0"]
[WhiteElo "1765"]
[BlackElo "1375"]
[PlyCount "53"]
[EventDate "2020.04.14"]
[WhiteTeam "Wimbledon 3"]
[BlackTeam "Broken Herts 3"]

1. d4 e6 2. c4 f5 3. a3 Nf6 4. Nc3 Be7 5. g3 O-O 6. Bg2 d6 7. Nf3 a5 8. O-O Ne4
9. Qc2 Nxc3 10. Qxc3 Bf6 11. Qb3 Qe8 12. Be3 c6 13. Rfd1 Nd7 14. Bf4 Qe7 15.
Re1 Kh8 16. e4 e5 17. exf5 e4 18. Nd2 d5 19. cxd5 cxd5 20. Qxd5 Qf7 21. Qxf7
Rxf7 22. Rxe4 Kg8 23. Re8+ Rf8 24. Bd5+ Kh8 25. Rae1 h6 26. Rxf8+ Nxf8 27. Re8
1-0

[Event "4NCL Online Division 5"]
[Site "online"]
[Date "2020.04.14"]
[Round "2.172"]
[White "Gilmour, Ian"]
[Black "Slonczuk, Pawel"]
[Result "0-1"]
[WhiteElo "1397"]
[BlackElo "1660"]
[PlyCount "94"]
[EventDate "2020.04.14"]
[WhiteTeam "Broken Herts 3"]
[BlackTeam "Wimbledon 3"]

1. d4 e6 2. e4 d5 3. e5 c5 4. c3 Qb6 5. Qb3 Nc6 6. Qxb6 axb6 7. Nf3 Nge7 8. Na3
Nf5 9. Nb5 Kd7 10. Bd3 g6 11. O-O c4 12. Bc2 Na7 13. Ba4 Nxb5 14. Bxb5+ Kc7 15.
a4 Bd7 16. Bg5 h6 17. Bf6 Rg8 18. Nd2 Bxb5 19. axb5 Be7 20. Bxe7 Nxe7 21. b3
cxb3 22. Nxb3 Kd7 23. Rfc1 Rgc8 24. Nd2 Rxa1 25. Rxa1 Rxc3 26. h3 Kc7 27. Ra8
Nc8 28. Kf1 Rc2 29. Nb3 Rb2 30. Ra3 Kb8 31. Nc1 Na7 32. Rb3 Rxb3 33. Nxb3 Nxb5
34. Ke2 Kc7 35. Kd2 Kc6 36. Kd3 Na3 37. Kc3 Kb5 38. g3 Nc4 39. h4 Na5 40. Nxa5
bxa5 41. f4 a4 42. g4 a3 43. Kb3 h5 44. gxh5 gxh5 45. Kxa3 Kc4 46. Kb2 Kxd4 47.
Kc2 Ke4 0-1

[Event "4NCL Online Division 5"]
[Site "online"]
[Date "2020.04.14"]
[Round "2.173"]
[White "Kucukyildiz, Alp Tugrul"]
[Black "Dometakis, Lakis"]
[Result "1/2-1/2"]
[WhiteElo "1397"]
[BlackElo "1315"]
[PlyCount "58"]
[EventDate "2020.04.14"]
[WhiteTeam "Wimbledon 3"]
[BlackTeam "Broken Herts 3"]

1. e4 c5 2. Nf3 d6 3. Bb5+ Nc6 4. d4 a6 5. Bxc6+ bxc6 6. dxc5 Qa5+ 7. Qd2 Qxc5
8. O-O Nf6 9. Nc3 Qa7 10. Qd4 c5 11. Qa4+ Bd7 12. Qb3 e6 13. Be3 Be7 14. e5 Nd5
15. Nxd5 exd5 16. exd6 Bxd6 17. Qxd5 Be7 18. b4 O-O 19. Bxc5 Bxc5 20. Qxc5 Qb7
21. Rad1 Bg4 22. Qe3 Rfe8 23. Qf4 Bxf3 24. Qxf3 Qxb4 25. Qb3 Qg4 26. Qf3 Qc4
27. Qb3 Qg4 28. Qf3 Qc4 29. Qb3 Qg4 1/2-1/2

[Event "4NCL Online Division 5"]
[Site "online"]
[Date "2020.04.14"]
[Round "2.174"]
[White "Berkhout, Theo"]
[Black "Sood, Kamaljit"]
[Result "1-0"]
[WhiteElo "1067"]
[BlackElo "1090"]
[PlyCount "37"]
[EventDate "2020.04.14"]
[WhiteTeam "Broken Herts 3"]
[BlackTeam "Wimbledon 3"]

1. c4 e5 2. Nc3 Nc6 3. e3 g6 4. Nf3 d6 5. d4 exd4 6. exd4 Bg4 7. h3 Bxf3 8.
Qxf3 Qe7+ 9. Be3 O-O-O 10. Be2 Nxd4 11. Bxd4 f6 12. O-O a6 13. Rfe1 Bg7 14. Nd5
Qf7 15. Bd3 f5 16. Bxg7 Qxg7 17. b4 c6 18. Nf4 Nf6 19. Ne6 1-0

[Event "4NCL Online Division 5"]
[Site "online"]
[Date "2020.04.14"]
[Round "2.181"]
[White "Will, Douglas"]
[Black "Vig, Sanjay"]
[Result "1-0"]
[WhiteElo "1828"]
[BlackElo "1532"]
[PlyCount "135"]
[EventDate "2020.04.14"]
[WhiteTeam "Grangemouth Giants"]
[BlackTeam "Watford 3"]

1. e4 d5 2. d4 dxe4 3. Nc3 Bf5 4. f3 exf3 5. Qxf3 Qc8 6. Bb5+ c6 7. Bc4 Be6 8.
Bd3 Nf6 9. Bg5 Nd5 10. Nge2 h6 11. Bd2 Bg4 12. Qf2 Nxc3 13. Bxc3 Qe6 14. O-O
Bxe2 15. Bxe2 Nd7 16. Rae1 Nf6 17. Bd3 Qd7 18. Qg3 e6 19. b3 Qd6 20. Qh3 Be7
21. Bb2 O-O 22. c4 b5 23. Bb1 bxc4 24. bxc4 Rab8 25. Bc3 Qa3 26. Qd3 Rxb1 27.
Rxb1 a5 28. Rb3 Qxa2 29. Rfb1 e5 30. Rb7 e4 31. Qf1 Bd6 32. c5 Qa3 33. R1b3 Qa2
34. cxd6 e3 35. Bb2 Ne4 36. Rxe3 Nxd6 37. Ra3 Qd5 38. Rbb3 Nc4 39. Qf3 Qe6 40.
Re3 Nxe3 41. Rxe3 Qa2 42. Qe2 Qb1+ 43. Kf2 a4 44. Ba3 Rd8 45. Re8+ Rxe8 46.
Qxe8+ Kh7 47. Qe3 Qa2+ 48. Kg3 Qd5 49. h3 Qb3 50. Qxb3 axb3 51. Kf4 Kg6 52. Ke5
f5 53. g3 Kg5 54. Bc1+ Kg6 55. Kd6 Kf7 56. Kc5 Ke6 57. Kb4 Kd5 58. Kxb3 g5 59.
Kc3 c5 60. dxc5 Kxc5 61. Kd3 Kd5 62. Ke3 Kc4 63. Bb2 Kd5 64. Bg7 h5 65. Bh6 g4
66. h4 Ke5 67. Bg7+ Ke6 68. Kf4 1-0

[Event "4NCL Online Division 5"]
[Site "online"]
[Date "2020.04.14"]
[Round "2.182"]
[White "Hylands, Keith"]
[Black "Fowler, David A"]
[Result "1-0"]
[WhiteElo "1382"]
[BlackElo "1161"]
[PlyCount "61"]
[EventDate "2020.04.14"]
[WhiteTeam "Watford 3"]
[BlackTeam "Grangemouth Giants"]

1. e4 d6 2. d4 Nf6 3. Nc3 g6 4. Be3 Bg7 5. f3 O-O 6. Qd2 Re8 7. h4 Nh5 8. O-O-O
Ng3 9. Rh2 Nxf1 10. Rxf1 Na6 11. h5 c5 12. hxg6 fxg6 13. Nge2 Be6 14. d5 Bd7
15. Bh6 Bh8 16. Rfh1 e6 17. Bg5 Bf6 18. Bxf6 Qxf6 19. Rxh7 Re7 20. Rxe7 Qxe7
21. Nf4 Qf6 22. Rh6 Kf7 23. Nxg6 Kg7 24. g4 Be8 25. g5 Qxf3 26. Nf4 e5 27. Ne6+
Kg8 28. g6 b5 29. Rh8+ Kxh8 30. Qh2+ Kg8 31. Qh7# 1-0

[Event "4NCL Online Division 5"]
[Site "online"]
[Date "2020.04.14"]
[Round "2.183"]
[White "Whitton, Nicholas"]
[Black "Nokes, Oliver"]
[Result "0-1"]
[WhiteElo "1032"]
[BlackElo "1350"]
[PlyCount "146"]
[EventDate "2020.04.14"]
[WhiteTeam "Grangemouth Giants"]
[BlackTeam "Watford 3"]

1. e4 e5 2. Nf3 Nc6 3. Nc3 Nf6 4. Bc4 Bc5 5. O-O O-O 6. d3 h6 7. Be3 Bxe3 8.
fxe3 d6 9. d4 Bg4 10. d5 Nb8 11. Qe1 c5 12. Qh4 Bxf3 13. Rxf3 Nh7 14. Qxd8 Rxd8
15. Raf1 Nf6 16. Rg3 Nbd7 17. Bb5 a6 18. Bxd7 Nxd7 19. Rgf3 Rf8 20. Ne2 b5 21.
Ng3 g6 22. h4 h5 23. Nh1 b4 24. c3 c4 25. cxb4 Rab8 26. a3 a5 27. bxa5 Rxb2 28.
Ra1 Rb3 29. Nf2 c3 30. Nd3 Ra8 31. Kh2 Rxa5 32. Rff1 Raxa3 33. Rxa3 Rxa3 34.
Nb4 Rb3 35. Nc2 Nc5 36. Rd1 Nxe4 37. Na1 Rb2 38. Rc1 Rd2 39. Nc2 Rxd5 40. Nb4
Rd2 41. Nc2 d5 42. Nb4 d4 43. Nd5 f5 44. Ne7+ Kg7 45. Nc6 dxe3 46. Nb4 e2 47.
Re1 c2 48. Nxc2 Rxc2 49. Ra1 Nd6 50. Re1 Kh6 51. Ra1 Ne4 52. Re1 Nc3 53. Ra1
Rd2 54. Re1 Rd1 55. Rxe2 Nxe2 56. g3 f4 57. gxf4 exf4 58. Kg2 g5 59. hxg5+ Kxg5
60. Kf3 Ng1+ 61. Kf2 Ra1 62. Kg2 Ne2 63. Kf2 Nd4 64. Kg2 Ra3 65. Kh2 Kg4 66.
Kg2 Ra2+ 67. Kf1 Kf3 68. Ke1 Ke3 69. Kd1 Kd3 70. Kc1 Rh2 71. Kb1 Kc3 72. Ka1
Kb3 73. Kb1 Rh1# 0-1

[Event "4NCL Online Division 5"]
[Site "online"]
[Date "2020.04.14"]
[Round "2.191"]
[White "Eccleston, Bryony"]
[Black "Bonner, Dennis M"]
[Result "0-1"]
[WhiteElo "1330"]
[BlackElo "1540"]
[PlyCount "80"]
[EventDate "2020.04.14"]
[WhiteTeam "Manchester Juniors C"]
[BlackTeam "Shropshire 4"]

1. d4 Nf6 2. Bf4 g6 3. e3 Bg7 4. Nf3 d6 5. Bd3 O-O 6. O-O Re8 7. Nbd2 Nc6 8.
Nc4 b5 9. Ncd2 a6 10. h3 Rb8 11. c4 e5 12. Bg5 h6 13. Bxf6 Bxf6 14. Be4 Bd7 15.
d5 Ne7 16. Nh2 Nf5 17. Ng4 Bg7 18. Rc1 h5 19. Nh2 Qe7 20. Qe2 Nh6 21. Nb3 bxc4
22. Na5 Rb6 23. Nxc4 Bb5 24. Qf3 Bxc4 25. Rxc4 Rxb2 26. Ra1 Reb8 27. Ra4 R2b6
28. Qe2 Ra8 29. Nf3 Bf6 30. Nd2 Qd7 31. Nc4 Qxa4 32. Nxb6 cxb6 33. Qc2 Qxc2 34.
Bxc2 Rc8 35. Bd3 e4 36. Bxa6 Bxa1 37. Bxc8 f5 38. Kh2 Nf7 39. Kg3 Kg7 40. Kf4
Be5# 0-1

[Event "4NCL Online Division 5"]
[Site "online"]
[Date "2020.04.14"]
[Round "2.192"]
[White "Jones, Andrew"]
[Black "Seet, Joshua"]
[Result "1-0"]
[WhiteElo "1502"]
[BlackElo "1232"]
[PlyCount "111"]
[EventDate "2020.04.14"]
[WhiteTeam "Shropshire 4"]
[BlackTeam "Manchester Juniors C"]

1. e4 e6 2. Nf3 d5 3. exd5 exd5 4. d4 Nf6 5. Be2 Be6 6. O-O c5 7. Re1 Be7 8. c3
O-O 9. Bf4 Nc6 10. Nbd2 Qb6 11. Rb1 cxd4 12. cxd4 Nxd4 13. Be3 Bc5 14. Nf1
Nxe2+ 15. Qxe2 Bxe3 16. Nxe3 Bg4 17. Nxg4 Nxg4 18. Rbd1 Nf6 19. Nd4 Rfe8 20.
Qd3 Qxb2 21. Re2 Rxe2 22. Qxe2 Qxe2 23. Nxe2 Re8 24. Kf1 h5 25. Nf4 Rd8 26. Ke2
g5 27. Nd3 Kg7 28. Nb4 a5 29. Nd3 Re8+ 30. Kd2 Ne4+ 31. Kc2 Rc8+ 32. Kb2 Nc3
33. Rd2 Ne4 34. Re2 Rc3 35. Ne5 f6 36. f3 fxe5 37. fxe4 d4 38. Rf2 Re3 39. Rf5
Kg6 40. Rf8 d3 41. Kc3 Rxe4 42. Kxd3 Rd4+ 43. Ke3 Kg7 44. Re8 Kf6 45. Rb8 Rd8
46. Rxd8 b5 47. Rd5 Ke6 48. Rxb5 Kf5 49. Rxa5 g4 50. Rb5 h4 51. a4 h3 52. g3
Ke6 53. a5 Kd6 54. a6 Kc6 55. Rb1 Kd6 56. a7 1-0

[Event "4NCL Online Division 5"]
[Site "online"]
[Date "2020.04.14"]
[Round "2.193"]
[White "Eccleston, Rowan"]
[Black "Holyhead, James"]
[Result "0-1"]
[WhiteElo "1120"]
[BlackElo "1330"]
[PlyCount "42"]
[EventDate "2020.04.14"]
[WhiteTeam "Manchester Juniors C"]
[BlackTeam "Shropshire 4"]

1. f4 d5 2. Nf3 g6 3. e3 Bg7 4. Nc3 Nf6 5. b3 O-O 6. Bb2 c5 7. d4 cxd4 8. Qxd4
Nc6 9. Qd1 Re8 10. Bb5 e6 11. O-O Qc7 12. Ne5 Rd8 13. Bxc6 bxc6 14. Rf3 Ne4 15.
Nxe4 dxe4 16. Qe2 exf3 17. Qxf3 Bb7 18. Rf1 Rd2 19. Qe4 c5 20. Qc4 Rxg2+ 21.
Kh1 Rxc2+ 0-1

[Event "4NCL Online Division 5"]
[Site "online"]
[Date "2020.04.14"]
[Round "2.194"]
[White "Hollands, Sam"]
[Black "Nagai, Ken Stephen"]
[Result "1-0"]
[WhiteElo "1180"]
[BlackElo "1135"]
[PlyCount "77"]
[EventDate "2020.04.14"]
[WhiteTeam "Shropshire 4"]
[BlackTeam "Manchester Juniors C"]

1. c4 e5 2. Nc3 Bc5 3. g3 Nf6 4. Bg2 c6 5. d3 d5 6. Nf3 d4 7. Ne4 Bb4+ 8. Ned2
Bxd2+ 9. Nxd2 Nbd7 10. O-O c5 11. a3 O-O 12. b4 Ng4 13. b5 Nb6 14. a4 Qf6 15.
Ne4 Qg6 16. Nxc5 Qh5 17. h4 f6 18. a5 Nd7 19. Nxb7 g5 20. f3 e4 21. fxg4 Qxg4
22. hxg5 Qh5 23. Bxe4 Ne5 24. Rf4 Qxg5 25. Kg2 Qh5 26. Rh4 Qe8 27. Nd6 Qe6 28.
Nxc8 Raxc8 29. Bxh7+ Kf7 30. e4 Ke7 31. Ba3+ Kd7 32. Bf5 Rg8 33. Rh7+ Ke8 34.
Bxe6 Rxg3+ 35. Kxg3 Ra8 36. Qh5+ Kd8 37. Be7+ Kc7 38. Bxf6+ Kd6 39. Qxe5# 1-0

[Event "4NCL Online Division 5"]
[Site "online"]
[Date "2020.04.14"]
[Round "2.201"]
[White "Chung, Michael"]
[Black "Demjan, Denisz"]
[Result "1/2-1/2"]
[WhiteElo "1615"]
[BlackElo "1277"]
[PlyCount "103"]
[EventDate "2020.04.14"]
[WhiteTeam "Streatham C"]
[BlackTeam "Watford Juniors B"]

1. e4 e5 2. Nf3 Nc6 3. Bc4 h6 4. c3 d6 5. d3 a6 6. b4 Bd7 7. Nbd2 Be7 8. O-O
Nf6 9. a4 b6 10. Bb2 O-O 11. h3 Qc8 12. Kh2 Nh5 13. d4 Nf4 14. Ng1 exd4 15.
cxd4 Nxb4 16. Qb3 a5 17. d5 Ng6 18. Ndf3 Na6 19. Rfe1 Nc5 20. Qc2 Qd8 21. Nd4
Bf6 22. Ngf3 Re8 23. Nc6 Bxc6 24. Bxf6 Qxf6 25. dxc6 Rxe4 26. Rxe4 Qxa1 27. Rd4
Nf8 28. Rf4 Nfe6 29. Rg4 Qxa4 30. Qxa4 Nxa4 31. Bxe6 fxe6 32. Rxa4 b5 33. Ra2
b4 34. Nd4 e5 35. Nb5 a4 36. Nxc7 b3 37. Nxa8 bxa2 38. c7 a1=Q 39. c8=Q+ Kh7
40. Qf5+ Kg8 41. Qe6+ Kh8 42. Qxd6 Qd4 43. Qf8+ Kh7 44. Qf5+ Kg8 45. Qe6+ Kf8
46. Nb6 Qf4+ 47. Kh1 Qc1+ 48. Kh2 Qf4+ 49. Kg1 Qc1+ 50. Kh2 Qf4+ 51. Kh1 Qc1+
52. Kh2 1/2-1/2

[Event "4NCL Online Division 5"]
[Site "online"]
[Date "2020.04.14"]
[Round "2.202"]
[White "George, Seb"]
[Black "Yordanov, Denislav"]
[Result "1-0"]
[WhiteElo "1187"]
[BlackElo "1412"]
[PlyCount "55"]
[EventDate "2020.04.14"]
[WhiteTeam "Watford Juniors B"]
[BlackTeam "Streatham C"]

1. e4 Na6 2. d4 d5 3. e5 f6 4. Nf3 Bf5 5. Nc3 Nb4 6. Bd3 Be4 7. Nxe4 dxe4 8.
Bxe4 Rb8 9. a3 Nd5 10. Nh4 g6 11. exf6 Ngxf6 12. Bf3 e6 13. Qe2 c5 14. Qxe6+
Be7 15. dxc5 Nf4 16. Bxf4 Rc8 17. Bd6 Qa5+ 18. b4 Qd8 19. Qxe7+ Qxe7+ 20. Bxe7
Kxe7 21. Bxb7 Rb8 22. c6 Rhe8 23. O-O Kf7 24. Rfe1 Rxe1+ 25. Rxe1 Rd8 26. c7
Re8 27. Rxe8 Nxe8 28. c8=Q 1-0

[Event "4NCL Online Division 5"]
[Site "online"]
[Date "2020.04.14"]
[Round "2.204"]
[White "Demyan, Leo"]
[Black "Adatia, Amar"]
[Result "1/2-1/2"]
[WhiteElo "1165"]
[BlackElo "1247"]
[PlyCount "130"]
[EventDate "2020.04.14"]
[WhiteTeam "Watford Juniors B"]
[BlackTeam "Streatham C"]

1. e4 e5 2. Nf3 Nf6 3. Nc3 Nc6 4. g3 d5 5. d3 dxe4 6. dxe4 Qxd1+ 7. Nxd1 Nxe4
8. Bg2 Nf6 9. b3 Bd6 10. Bb2 O-O 11. Nc3 Re8 12. O-O h6 13. Rfe1 e4 14. Nd2 Nd4
15. Rac1 c6 16. a4 Bg4 17. Ncxe4 Nxe4 18. Nxe4 Nf3+ 19. Bxf3 Bxf3 20. Nxd6
Rxe1+ 21. Rxe1 b6 22. Re3 Bd5 23. c4 Be6 24. f4 Rd8 25. Ne4 Rd1+ 26. Kg2 f5 27.
Nf2 Rd2 28. Bc3 Rc2 29. Be5 Kf7 30. Bb8 a6 31. b4 Rxc4 32. Bd6 Bd5+ 33. Kh3 Be6
34. g4 fxg4+ 35. Nxg4 Bxg4+ 36. Kxg4 Rd4 37. Re7+ Kg8 38. Bc7 Rxb4 39. Re8+ Kf7
40. Rb8 b5 41. axb5 axb5 42. Rb7 Kg6 43. Rb6 h5+ 44. Kh4 Rc4 45. Bd6 Kh6 46.
Be5 b4 47. Kg3 g6 48. Rb8 g5 49. Rh8+ Kg6 50. Rg8+ Kf7 51. Rxg5 h4+ 52. Kxh4
Rc2 53. h3 c5 54. Bd6 b3 55. Rg1 b2 56. Rb1 c4 57. Be5 c3 58. Bxc3 Rxc3 59.
Rxb2 Rc4 60. Kg4 Kg6 61. Rb5 Rc1 62. f5+ Kf6 63. Rb6+ Kf7 64. Kh5 Rg1 65. Rg6
Rf1 1/2-1/2